<The> Governance of Land Use in the Netherlands <The> Case of Amsterdam

Gespeichert in:
Bibliographische Detailangaben
Format: Buch
Sprache:Englisch
Veröffentlicht: Paris OECD 2017
Schlagworte:
Tags: Tag hinzufügen
Keine Tags, Fügen Sie das erste Tag hinzu!

MARC

LEADER 00000nam a2200000 4500
001 0242148
005 20221221133837.9
020 |a 978-92-64-27463-1 
041 0 |a eng 
044 |a FR 
245 1 0 |a <The> Governance of Land Use in the Netherlands  |b <The> Case of Amsterdam 
264 1 |a Paris  |b OECD  |c 2017 
300 |a 165 s. 
610 2 0 |a veľkomestá 
610 2 0 |a geografia 
610 2 0 |a demografia 
610 2 0 |a plánovanie územné 
610 2 0 |a rozvoj územný 
610 2 0 |a urbanizácia 
610 2 0 |a prostredie životné 
610 2 0 |a bývanie 
610 2 0 |a nehnuteľnosti 
610 2 0 |a spolupráca regionálna 
610 2 0 |a Holandsko 
610 2 0 |a Amsterdam